000 00409nam a22001697a 4500
003 MPLRDC
005 20220104143332.0
008 210129b ||||| |||| 00| 0 eng d
082 _a414.12 HSZ
100 _a黄树曾编著
245 _a金匮要略释义
_c
250 _a一版一刷
260 _a
_b人民卫生出版社
_c1956
300 _b
650 _a金匮要略
942 _cBK
_o414.12 HSZ
999 _c38911
_d38901